| 000 | 00632nam a22001577a 4500 | ||
|---|---|---|---|
| 999 |
_c2939 _d2939 |
||
| 005 | 20180410115420.0 | ||
| 008 | 090822t xxu||||| |||| 00| 0 eng d | ||
| 080 |
_a576.851.132 _bSIL |
||
| 100 |
_aSilver, Simon [ed.] _eed. by |
||
| 110 |
_bsymposium _cChicago, Illinois _dJuly, 1989 _93087 |
||
| 245 |
_aPseudomonas: _bBiotransformations, pathogenesis, and evolving bio-technology |
||
| 260 |
_aWashington _bDC, American Society for Microbiology _c1990 |
||
| 300 | _axxiv, 423p. | ||
| 942 | _cBK | ||